000 00542nam a2200169 i 4500
001 50619
003 ES-MaACL
005 20251115063235.0
007 t|
008 030805s1934 sp ||||1| spa d
100 0 _aChacón y Calvo, José María,
_d1893-1969
_937770
245 1 0 _aUn juez de Indias
_b: (vida documental de José Francisco Heredia) /
_cJosé María Chacón y Calvo.
260 _aMadrid :
_b[s.n.],
_c1934 (
_fTip. de Archivos)
300 _a170 p. ;
_c24 cm.
852 _aES-MaACL
_jA-1960
999 _c50619
_d50619